Statistics for European Soccer Analogies

Click here to take the quiz!

General Stats

  • This quiz has been taken 120 times
  • The average score is 12 of 20

Answer Stats

This is to that ...As that is to ...this% Correct
Grzegorz Lato is to PolandMiroslav Klose is toGermany
97%
Atletico and Real are to MadridPanathanaikos and AEK are toAthens
90%
Ibrox is to Glasgow RangersAllianz Arena is toBayern Munich
89%
I Bianconeri is to JuventusThe Gunners is toArsenal
87%
Beckenbauer is to FranzCruyff is toJohan
77%
Eredivisie is to the NetherlandsJupiler League is toBelgium
74%
Champion's League is to Real MadridEuropa League is toSevilla
74%
Kasper and Peter are to SchmeichelPaolo and Cesare are toMaldini
70%
Geoff Hurst is to GermanyDiego Maradona is toEngland
67%
Ludogorets Razgrad is to BulgariaCFR Cluj is toRomania
66%
Nati is to SwitzerlandThe Boys in Green is toIreland
63%
England's national team is to NikeItaly's national team is toPuma
60%
Betis is to SociedadLyon is toMarseille
57%
Simon Mignolet is to LiverpoolRoman Bürki is toBorussia Dortmund
48%
Valencia CF is to batAS Roma is towolf
44%
FFF is to FranceRFS is toRussia
39%
Ukraine is to Dynamo KievNorway is toRosenborg
37%
Zinedine Zidane is to Real MadridPhilip Cocu is toPSV Eindhoven
35%
Eusebio is to England 1966Davor Suker is toFrance 1998
31%
Spain is to 1964Sweden is to1992
20%

Score Distribution

Percentile by Number Answered

Percent of People with Each Score

Your Score History

You have not taken this quiz